<?xml version="1.0" encoding="UTF-8"?><?xml-stylesheet type="text/xsl" href="static/style.xsl"?><OAI-PMH xmlns="http://www.openarchives.org/OAI/2.0/" xmlns:xsi="http://www.w3.org/2001/XMLSchema-instance" xsi:schemaLocation="http://www.openarchives.org/OAI/2.0/ http://www.openarchives.org/OAI/2.0/OAI-PMH.xsd"><responseDate>2026-04-17T10:25:52Z</responseDate><request verb="GetRecord" identifier="oai:riubu.ubu.es:10259/7953" metadataPrefix="marc">https://riubu.ubu.es/oai/request</request><GetRecord><record><header><identifier>oai:riubu.ubu.es:10259/7953</identifier><datestamp>2023-11-23T12:20:43Z</datestamp><setSpec>com_10259_4292</setSpec><setSpec>com_10259_5086</setSpec><setSpec>com_10259_2604</setSpec><setSpec>com_10259_5827</setSpec><setSpec>col_10259_4293</setSpec><setSpec>col_10259_5828</setSpec></header><metadata><record xmlns="http://www.loc.gov/MARC21/slim" xmlns:doc="http://www.lyncode.com/xoai" xmlns:xsi="http://www.w3.org/2001/XMLSchema-instance" xmlns:dcterms="http://purl.org/dc/terms/" xsi:schemaLocation="http://www.loc.gov/MARC21/slim http://www.loc.gov/standards/marcxml/schema/MARC21slim.xsd">
<leader>00925njm 22002777a 4500</leader>
<datafield tag="042" ind1=" " ind2=" ">
<subfield code="a">dc</subfield>
</datafield>
<datafield tag="720" ind1=" " ind2=" ">
<subfield code="a">Gutiérrez González, Víctor</subfield>
<subfield code="e">author</subfield>
</datafield>
<datafield tag="720" ind1=" " ind2=" ">
<subfield code="a">Rivero Pérez, Maria Dolores</subfield>
<subfield code="e">author</subfield>
</datafield>
<datafield tag="720" ind1=" " ind2=" ">
<subfield code="a">Gerardi, Gisela</subfield>
<subfield code="e">author</subfield>
</datafield>
<datafield tag="720" ind1=" " ind2=" ">
<subfield code="a">Muñiz Rodríguez, Pilar</subfield>
<subfield code="e">author</subfield>
</datafield>
<datafield tag="720" ind1=" " ind2=" ">
<subfield code="a">González San José, Mª Luisa</subfield>
<subfield code="e">author</subfield>
</datafield>
<datafield tag="720" ind1=" " ind2=" ">
<subfield code="a">Jaime Moreno, Isabel</subfield>
<subfield code="e">author</subfield>
</datafield>
<datafield tag="720" ind1=" " ind2=" ">
<subfield code="a">Cavia Saiz, Mónica</subfield>
<subfield code="e">author</subfield>
</datafield>
<datafield tag="260" ind1=" " ind2=" ">
<subfield code="c">2023</subfield>
</datafield>
<datafield tag="520" ind1=" " ind2=" ">
<subfield code="a">White wine pomace products (wWPP) represent an innovative strategy as a functional food ingredient to be used as a seasoning both for their technological and functional properties. Nevertheless, the bioactive compounds of wWPP used as a seasoning could be modified during storage. The seasoning in the meat, regardless of the storage method used, modified its phenolic profile and in its bioaccessible fractions, while maintaining a high total antioxidant capacity and total polyphenol content. The contact of the seasoning with the meat can be considered safe as it does not show cytotoxicity in the Caco-2 cells. Additionally, the ability to modulate the cell oxidative stress of the bioaccessible fractions and the potential benefits on microbiota by the colonic fermentation fraction, suggest its potential use as a functional ingredient, without being affected by storage. These results are novel and may help to establish the value of this product as a functional ingredient.</subfield>
</datafield>
<datafield tag="024" ind2=" " ind1="8">
<subfield code="a">0308-8146</subfield>
</datafield>
<datafield tag="024" ind2=" " ind1="8">
<subfield code="a">http://hdl.handle.net/10259/7953</subfield>
</datafield>
<datafield tag="024" ind2=" " ind1="8">
<subfield code="a">10.1016/J.FOODCHEM.2023.136625</subfield>
</datafield>
<datafield ind1=" " ind2=" " tag="653">
<subfield code="a">Wine pomace</subfield>
</datafield>
<datafield ind1=" " ind2=" " tag="653">
<subfield code="a">Seasoning</subfield>
</datafield>
<datafield ind1=" " ind2=" " tag="653">
<subfield code="a">Storage packaging</subfield>
</datafield>
<datafield ind1=" " ind2=" " tag="653">
<subfield code="a">Antioxidant capacities</subfield>
</datafield>
<datafield ind1=" " ind2=" " tag="653">
<subfield code="a">Phenolic profile</subfield>
</datafield>
<datafield tag="245" ind1="0" ind2="0">
<subfield code="a">Influence of the packaging systems on the phenolic profile and antioxidant properties of wine pomace used as seasoning in chicken meat</subfield>
</datafield>
</record></metadata></record></GetRecord></OAI-PMH>